Bài tập cơ học ứng dụng

Nội dung sách trình bày về các chuyển động của vật rắn, hệ lực phẳng, hệ lực không gian, các định lý động lực học, phương trình vi phân chuyển động của vật rắn và cơ hệ và những hướng dẫn và bài tập....

Volledige beschrijving

Bewaard in:
Bibliografische gegevens
Hoofdauteur: Nguyễn, Nhật Lệ
Formaat: Boek
Taal:Undetermined
Gepubliceerd in: Hà Nội Giáo dục 2007
Onderwerpen:
Tags: Voeg label toe
Geen labels, Wees de eerste die dit record labelt!
Thư viện lưu trữ: Trung tâm Học liệu Trường Đại học Cần Thơ
LEADER 00994nam a2200217Ia 4500
001 CTU_132082
008 210402s9999 xx 000 0 und d
020 |c 35000 
082 |a 531.1076 
082 |b L250 
100 |a Nguyễn, Nhật Lệ 
245 0 |a Bài tập cơ học ứng dụng 
245 0 |c Nguyễn Nhật Lệ, Nguyễn Văn Vượng 
260 |a Hà Nội 
260 |b Giáo dục 
260 |c 2007 
520 |a Nội dung sách trình bày về các chuyển động của vật rắn, hệ lực phẳng, hệ lực không gian, các định lý động lực học, phương trình vi phân chuyển động của vật rắn và cơ hệ và những hướng dẫn và bài tập. 
650 |a Mechanics,Cơ học 
650 |x Problems, exercises, etc.,Câu hỏi, bài tập, vv... 
904 |i Tuyến 
980 |a Trung tâm Học liệu Trường Đại học Cần Thơ